000 00954nam a2200277Ia 4500
005 20210727153254.0
008 160601s2004 ck g 000 0 spa
020 _a9583016764
100 1 _aVasco, Irene
_d1952-
245 1 0 _aCuentos de navidad
_cIrene Vasco; ilustraciones Verónica Chaves
250 _a1a. edición
300 _a47 páginas
_c23 cm
505 _aAlguien muy especial -- Un regalo para San Nicolás
650 1 4 _2LEMB
_aCuentos cubanos
_ySiglo XX
650 1 4 _2LEMB
_aLiteratura cubana
_ySiglo XX
650 1 4 _2LEMB
_aVida cotidiana en la literatura
700 1 _aChaves, Verónica
_eilustrador
740 _aAlguien muy especial;\\
_aUn regalo para San Nicolás
942 _2loc
_cBKLIT
264 _aBogotá
_bPanamericana
_c2004
336 _atexto
_btxt
_2rdacontent
337 _asin mediación
_bn
_2rdamedia
338 _avolumen
_bnc
_2rdacarrier
040 _aCO-BoRNBP
_bspa
_erda
_cCO-BoRNBP
084 _aC VAS1
999 _c5182
_d5182